000
00341nam a2200157Ia 4500
008
210210b1959 xxu||||| |||| 00| 0 eng d
041
_a
eng
082
_a
539/64
100
_a
LAVER (F J M)
245
_a
Waves
260
_a
_b
Oxford University Press
_c
1959
300
_a
77
650
_a
Waves
690
_a
Physics
906
_a
009080
999
_c
127859
_d
127859